[Event "XX Carlos Torre Magistral"]
[Site "Merida MEX"]
[Date "2007.12.15"]
[Round "1"]
[White "Tregubov,P"]
[Black "Ancheyta Tejas,J"]
[Result "1-0"]
[WhiteElo "2609"]
[BlackElo "2140"]
[EventDate "2007.12.15"]

1. d4 d5 2. c4 e6 3. Nf3 Nf6 4. Nc3 Bb4 5. cxd5 exd5 6. Bg5 h6 7. Bh4 g5 8.
Bg3 Ne4 9. Nd2 Nxc3 10. bxc3 Bxc3 11. Rc1 Bb2 12. Bxc7 Qd7 13. Rb1 Bc3 14.
Bg3 O-O 15. e3 Nc6 16. Rb3 Ba5 17. Bd3 f5 18. O-O Nxd4 19. exd4 f4 20. Nf3
fxg3 21. hxg3 Qg7 22. Rb5 Bb6 23. Rxd5 Be6 24. Rd6 Qe7 25. Rxe6 Qxe6 26.
Re1 Qf7 27. Ne5 Qxf2+ 28. Kh2 Qxd4 29. Qb3+ 1-0

[Event "XX Carlos Torre Magistral"]
[Site "Merida MEX"]
[Date "2007.12.15"]
[Round "1"]
[White "Monjardin Cruz,H"]
[Black "Bruzon Batista,L"]
[Result "0-1"]
[WhiteElo "2140"]
[BlackElo "2607"]
[EventDate "2007.12.15"]

1. d4 Nf6 2. c4 e6 3. g3 d5 4. Bg2 a6 5. Nf3 dxc4 6. Qc2 b5 7. Ne5 Nd5 8.
O-O Bb7 9. Bd2 Nd7 10. Nxd7 Qxd7 11. Rd1 f5 12. e4 Nf6 13. Nc3 b4 14. Ne2
Nxe4 15. Qxc4 Bd5 16. Qd3 Bd6 17. b3 Qb5 18. Qxb5+ axb5 19. Bf4 Kd7 20. Be5
Nc3 21. Nxc3 bxc3 22. Bxd5 exd5 23. Bxd6 Kxd6 24. b4 Ra3 25. Rd3 Rha8 0-1

[Event "XX Carlos Torre Magistral"]
[Site "Merida MEX"]
[Date "2007.12.15"]
[Round "1"]
[White "Graf,A"]
[Black "Nunez Hirales,J"]
[Result "1-0"]
[WhiteElo "2574"]
[BlackElo "2129"]
[EventDate "2007.12.15"]

1. d4 d5 2. c4 c6 3. Nc3 Nf6 4. cxd5 cxd5 5. Bf4 a6 6. e3 Nc6 7. Rc1 e6 8.
Bd3 Bd6 9. Bg3 Qc7 10. Nf3 O-O 11. O-O Bxg3 12. hxg3 Qd6 13. Qe2 Re8 14. e4
dxe4 15. Nxe4 Nxe4 16. Qxe4 g6 17. Qh4 Qf8 18. Be4 Bd7 19. d5 exd5 20. Bxd5
h6 21. Nd2 Re5 22. Ne4 Qe7 23. Rfd1 Kg7 24. Nd6 Be8 25. Qxe7 Rxe7 26. a3
Rb8 27. b4 f6 28. Nxe8+ Rexe8 29. Bxc6 bxc6 30. Rd7+ 1-0

[Event "XX Carlos Torre Magistral"]
[Site "Merida MEX"]
[Date "2007.12.15"]
[Round "1"]
[White "Nogueiras Santiago,J"]
[Black "Broca Jimenez,F"]
[Result "1-0"]
[WhiteElo "2549"]
[BlackElo "2124"]
[EventDate "2007.12.15"]

1. Nf3 Nf6 2. c4 e6 3. g3 b6 4. Bg2 Bb7 5. O-O Be7 6. b3 O-O 7. Bb2 d5 8.
e3 Nbd7 9. Nc3 c5 10. Qe2 Re8 11. d3 Rc8 12. e4 d4 13. Nd1 e5 14. Ne1 Nf8
15. f4 Bd6 16. Bc1 N6d7 17. Bh3 Rc6 18. Nf3 Bc8 19. Bxd7 Nxd7 20. f5 b5 21.
cxb5 Rb6 22. Nb2 Rxb5 23. Nd2 Be7 24. Ndc4 Ba6 25. Bd2 Rb8 26. Rac1 Bg5 27.
Rc2 Bxd2 28. Qxd2 Nb6 29. Rfc1 Rc8 30. Na3 Nd7 31. Kg2 Rc6 32. Na4 Qe7 33.
b4 Rb8 34. Nxc5 Nf6 35. Nxa6 Rxa6 36. Rc8+ Rxc8 37. Rxc8+ Ne8 38. Nc4 h6
39. Rc5 Nd6 40. Nxe5 Rb6 41. Nc4 1-0

[Event "XX Carlos Torre Magistral"]
[Site "Merida MEX"]
[Date "2007.12.15"]
[Round "1"]
[White "Rojas Alarcon,J"]
[Black "Meier,Geo"]
[Result "0-1"]
[WhiteElo "2107"]
[BlackElo "2558"]
[EventDate "2007.12.15"]

1. c4 b6 2. d4 e6 3. a3 f5 4. Nc3 Nf6 5. Nf3 Bb7 6. d5 Na6 7. g3 g6 8. Bg2
Bg7 9. O-O O-O 10. Bf4 Nc5 11. Rc1 Nfe4 12. Be5 Bh6 13. e3 d6 14. Bd4 e5
15. Bxc5 Nxc5 16. b4 Nd7 17. Na4 Qe7 18. c5 bxc5 19. bxc5 Nf6 20. c6 Ba6
21. Re1 e4 22. Nd4 Nxd5 23. Qd2 Qf7 24. Qa5 Bd3 25. Nb2 Nb6 26. Nxd3 exd3
27. Red1 Bg7 28. Rxd3 Kh8 29. h4 Rfe8 30. Rb1 Qa2 31. Qb4 a5 32. Qb3 Qxb3
33. Rbxb3 Bxd4 34. Rxd4 Re5 35. Rxb6 cxb6 36. Rxd6 Rc8 37. Rd7 Rc5 38. Rb7
Rb5 39. Bf3 Rb3 40. a4 Rb4 41. Bd5 Rxa4 42. Rxb6 Rb4 43. Ra6 Rb5 44. Be6
Rc7 45. Bd7 Kg7 46. Kg2 Kf6 47. f4 Ke7 48. Kf3 Kd6 49. e4 Rb3+ 50. Kf2 fxe4
51. Rxa5 Rc3 52. Re5 Rc4 53. h5 Ra7 54. Kg2 gxh5 55. Rxh5 Rc2+ 56. Kh3 e3
0-1

[Event "XX Carlos Torre Magistral"]
[Site "Merida MEX"]
[Date "2007.12.15"]
[Round "1"]
[White "Garcia,Ser"]
[Black "Almeida Quintana,O"]
[Result "0-1"]
[WhiteElo "2087"]
[BlackElo "2502"]
[EventDate "2007.12.15"]

1. e4 Nf6 2. e5 Nd5 3. d4 d6 4. c4 Nb6 5. exd6 cxd6 6. Nc3 g6 7. Be3 Bg7 8.
c5 N6d7 9. cxd6 exd6 10. Nf3 O-O 11. Be2 Nb6 12. O-O Nc6 13. h3 d5 14. Rc1
Re8 15. Bg5 f6 16. Bf4 a6 17. Re1 Bf5 18. a3 Rc8 19. b4 Bf8 20. Qb3 Be6 21.
Bf1 Qd7 22. Nd1 Bf7 23. Nb2 Re4 24. Be3 Rce8 25. Qc3 Rc8 26. Qb3 Bd6 27.
Nd2 Re7 28. Na4 Nxa4 29. Qxa4 Bb8 30. Nb3 Rce8 31. Nc5 Qd6 32. g3 Rxe3 33.
Rxe3 Rxe3 34. Nxb7 Rxg3+ 35. Bg2 Rxg2+ 36. Kxg2 Qh2+ 37. Kf3 0-1

[Event "XX Carlos Torre Magistral"]
[Site "Merida MEX"]
[Date "2007.12.15"]
[Round "1"]
[White "Vera Gonzalez Quevedo,R"]
[Black "Lopez Michelone,M"]
[Result "1-0"]
[WhiteElo "2495"]
[BlackElo "2078"]
[EventDate "2007.12.15"]

1. d4 f5 2. g3 Nf6 3. Bg2 e6 4. c4 d6 5. Nf3 Be7 6. O-O O-O 7. Nc3 Qe8 8.
b3 Qh5 9. Ba3 a5 10. d5 Na6 11. dxe6 c6 12. Nd4 Nc5 13. e3 Qg6 14. Qc2 Ng4
15. Rad1 Nxe6 16. Nxe6 Qxe6 17. Nd5 Bd8 18. Nf4 Qh6 19. h3 Nf6 20. Bxd6 Re8
21. c5 g5 22. Ne2 Ne4 23. Nd4 Bf6 24. Rfe1 Bd7 25. Bc7 Qg7 26. Bb6 Bd8 27.
g4 Qg6 28. gxf5 Bxf5 29. Nxf5 Qxf5 30. Rxd8 1-0

[Event "XX Carlos Torre Magistral"]
[Site "Merida MEX"]
[Date "2007.12.15"]
[Round "1"]
[White "Varguez Baquedaro,A"]
[Black "Bachmann,Ax"]
[Result "0-1"]
[WhiteElo "2052"]
[BlackElo "2481"]
[EventDate "2007.12.15"]

1. e4 c5 2. c3 g6 3. d4 Bg7 4. Nf3 cxd4 5. cxd4 d5 6. e5 Nc6 7. Nc3 Nh6 8.
Bf4 Bg4 9. Be2 Nf5 10. Qd2 Bxf3 11. Bxf3 Nfxd4 12. Bxd5 Nxe5 13. Bxe5 Bxe5
14. Bxb7 Rb8 15. Be4 O-O 16. Rd1 Qb6 17. b3 Rfd8 18. Qe3 Nf5 19. Rxd8+ Rxd8
20. Nd5 Rxd5 21. Qxb6 Bc3+ 22. Kf1 Rd1+ 23. Ke2 Rd2+ 0-1

[Event "XX Carlos Torre Magistral"]
[Site "Merida MEX"]
[Date "2007.12.16"]
[Round "2"]
[White "Ibarra Chami,L"]
[Black "Tregubov,P"]
[Result "1/2-1/2"]
[WhiteElo "2416"]
[BlackElo "2609"]
[EventDate "2007.12.15"]

1. e4 c5 2. Nf3 Nc6 3. d4 cxd4 4. Nxd4 Nf6 5. Nc3 e5 6. Ndb5 d6 7. Bg5 a6
8. Na3 b5 9. Nd5 Be7 10. Bxf6 Bxf6 11. c4 b4 12. Nc2 a5 13. g3 Bg5 14. h4
Bh6 15. Bh3 Bxh3 16. Rxh3 Ne7 17. g4 Nxd5 18. Qxd5 Bf4 19. a3 bxa3 20. Qc6+
Ke7 21. Rhxa3 Rc8 22. Nb4 g5 23. Qb7+ Kf8 24. Rxa5 Rc7 25. Qd5 Kg7 26. h5
Qd7 27. Ra6 Rd8 28. f3 Rc5 29. Ra7 Qe8 30. Qd3 Rd7 31. Rxd7 Qxd7 32. h6+
Kxh6 33. Ra6 Kg7 34. Kf1 Qe6 35. Rxd6 Qxc4 36. Qxc4 Rxc4 37. Nd3 Kf8 38.
Rd5 f6 39. Rd7 h6 40. Rh7 Rc2 41. Nxf4 1/2-1/2

[Event "XX Carlos Torre Magistral"]
[Site "Merida MEX"]
[Date "2007.12.16"]
[Round "2"]
[White "Estrada Nieto,J"]
[Black "Graf,A"]
[Result "1/2-1/2"]
[WhiteElo "2360"]
[BlackElo "2574"]
[EventDate "2007.12.15"]

1. e4 e6 2. d4 d5 3. Nd2 c5 4. exd5 Qxd5 5. Ngf3 cxd4 6. Bc4 Qd6 7. O-O Nf6
8. Nb3 Nc6 9. Nbxd4 Nxd4 10. Nxd4 Bd7 11. c3 Qc7 12. Qe2 Rc8 13. Bb3 Bd6
14. h3 Qa5 15. Re1 O-O 16. Be3 Bb8 17. Rad1 Qc7 18. Nf3 Bc6 19. Bd4 Nd7 20.
g3 Qa5 21. Bc2 Rfe8 22. Be4 Nf8 23. Bxc6 Rxc6 24. Be5 Rcc8 25. Bxb8 Rxb8
26. a3 b5 27. Ne5 Qc7 28. Qe4 f6 29. Nc6 Rbc8 30. Nd4 Qb6 31. Qe2 Rc5 32.
h4 Qb7 33. Qg4 Rd5 34. Nc2 Red8 35. Rxd5 Rxd5 36. Rd1 Qd7 37. Rxd5 Qxd5 38.
Nd4 1/2-1/2

[Event "XX Carlos Torre Magistral"]
[Site "Merida MEX"]
[Date "2007.12.16"]
[Round "2"]
[White "Hernandez Carmenates,Hold"]
[Black "Capo Vidal,U"]
[Result "1-0"]
[WhiteElo "2566"]
[BlackElo "2356"]
[EventDate "2007.12.15"]

1. d4 d5 2. c4 e6 3. Nc3 Be7 4. cxd5 exd5 5. Bf4 Nf6 6. e3 c6 7. Bd3 Nbd7
8. Nf3 O-O 9. Qc2 Re8 10. O-O Nf8 11. h3 Ng6 12. Rfe1 Be6 13. Bh2 Bd6 14.
Ne5 Nd7 15. f4 Bxe5 16. dxe5 Qh4 17. f5 Ngxe5 18. fxe6 fxe6 19. Rf1 Nxd3
20. Qxd3 Qb4 21. Rf2 Rf8 22. Qd4 a5 23. Raf1 c5 24. Rxf8+ Rxf8 25. Rxf8+
Nxf8 26. Qxb4 axb4 27. Na4 Nd7 28. Bd6 b6 29. b3 Kf7 30. Nxb6 Nxb6 31. Bxc5
Na8 32. Bxb4 e5 33. Ba5 Ke6 34. Kf2 Kd6 35. Ke2 Kc5 36. a4 d4 37. Kd3 dxe3
38. Kxe3 Kd5 39. g4 h6 40. h4 g6 41. h5 gxh5 42. gxh5 1-0

[Event "XX Carlos Torre Magistral"]
[Site "Merida MEX"]
[Date "2007.12.16"]
[Round "2"]
[White "Huerta,Da"]
[Black "Arencibia Rodriguez,W"]
[Result "1-0"]
[WhiteElo "2338"]
[BlackElo "2562"]
[EventDate "2007.12.15"]

1. d4 d5 2. Nc3 Nf6 3. Bg5 Nbd7 4. Qd3 e6 5. e4 dxe4 6. Nxe4 Be7 7. Nxf6+
Nxf6 8. Nf3 O-O 9. O-O-O b6 10. Ne5 Bb7 11. Qh3 Ne4 12. Be3 Ng5 13. Qh5 g6
14. Qh6 Ne4 15. h4 Bf6 16. Qf4 Bg7 17. f3 Nf6 18. Qh2 Nd5 19. Bd2 f6 20.
Nd3 Rf7 21. h5 g5 22. h6 Bf8 23. f4 Bd6 24. g3 c5 25. c4 Nb4 26. Nxb4 Bxh1
27. Qxh1 cxb4 28. Qe4 Qe8 29. fxg5 f5 30. Qe1 a5 31. Bf4 Qc6 32. d5 Bxf4+
33. gxf4 exd5 34. Bg2 Re8 35. Qf1 Re4 36. Bxe4 dxe4 37. Rd8+ Rf8 38. Rd5 e3
39. Qd3 Re8 40. Qd4 Re7 41. Rd8+ 1-0

[Event "XX Carlos Torre Magistral"]
[Site "Merida MEX"]
[Date "2007.12.16"]
[Round "2"]
[White "Meier,Geo"]
[Black "Blanco Fernandez,A"]
[Result "1-0"]
[WhiteElo "2558"]
[BlackElo "2331"]
[EventDate "2007.12.15"]

1. e4 e5 2. Nf3 Nf6 3. Nxe5 d6 4. Nf3 Nxe4 5. d4 d5 6. Bd3 Be7 7. O-O Nc6
8. c4 Nb4 9. Be2 O-O 10. Nc3 Be6 11. Be3 Bf5 12. Nxd5 Nxd5 13. cxd5 Qxd5
14. Ne5 Bf6 15. g4 Be6 16. f4 Nd6 17. Bf3 Qb5 18. d5 Bc8 19. Qc2 Bd8 20.
Rfe1 f6 21. Nd3 g6 22. Nc5 Qe8 23. Bd4 Qf7 24. Rad1 f5 25. Ne6 fxg4 26.
Bxg4 Re8 27. Re2 Bd7 28. f5 Bf6 29. fxg6 Bxd4+ 30. Nxd4 hxg6 31. Be6 Bxe6
32. dxe6 Qf6 33. Rg2 Re7 34. Rxg6+ Qxg6+ 35. Qxg6+ Rg7 36. Qxg7+ Kxg7 37.
Rf1 Re8 38. b4 a6 39. a4 c6 40. a5 Rf8 41. Rxf8 Kxf8 42. Kf2 Ke7 43. Kf3
Kf6 44. Kf4 Nc4 45. Ke4 b6 46. Nxc6 bxa5 47. Nxa5 Nb6 48. Nb7 Kxe6 49. Nc5+
Kd6 50. Nxa6 Nd5 51. h4 Ke6 52. Nc5+ Kd6 53. Nd3 Nc3+ 54. Kf5 Ke7 55. Kg6
Kf8 56. h5 Ke8 1-0

[Event "XX Carlos Torre Magistral"]
[Site "Merida MEX"]
[Date "2007.12.16"]
[Round "2"]
[White "Gonzalez Zamora,J"]
[Black "Gongora Montes,B"]
[Result "0-1"]
[WhiteElo "2552"]
[BlackElo "2270"]
[EventDate "2007.12.15"]

1. d4 Nf6 2. c4 g6 3. Nc3 Bg7 4. e4 d6 5. Bd3 c5 6. d5 O-O 7. h3 e6 8. Nf3
exd5 9. cxd5 a6 10. a4 Nbd7 11. O-O Re8 12. Re1 Rb8 13. Bf4 Qc7 14. Qd2 c4
15. Bc2 b5 16. axb5 axb5 17. Nd4 Ne5 18. Ndxb5 Qd8 19. Bxe5 Rxe5 20. Nd4
Bb7 21. Ba4 Qb6 22. Bc6 Re7 23. Bxb7 Rexb7 24. Nc6 Re8 25. Ra2 Nd7 26. Rea1
Nb8 27. Ra8 Rf8 28. Na4 Qc7 29. Nd4 Nd7 30. Rxf8+ Bxf8 31. Nc3 Nc5 32. Ra8
Rb8 33. Ndb5 Qb6 34. Rxb8 Qxb8 35. Qd4 Qa8 36. Na3 Qb8 37. Ncb5 Bg7 38.
Qxc4 Bxb2 39. f3 Bxa3 40. Nxa3 Nxe4 41. Nb5 Qb6+ 42. Kh2 Nd2 43. Qd3 Qf2
44. Qc3 Nf1+ 45. Kh1 Ne3 0-1

[Event "XX Carlos Torre Magistral"]
[Site "Merida MEX"]
[Date "2007.12.16"]
[Round "2"]
[White "Alford,J"]
[Black "Nogueiras Santiago,J"]
[Result "1/2-1/2"]
[WhiteElo "2298"]
[BlackElo "2549"]
[EventDate "2007.12.15"]

1. e4 Nf6 2. e5 Nd5 3. d4 d6 4. c4 Nb6 5. f4 Bf5 6. Nc3 e6 7. Nf3 dxe5 8.
fxe5 Nc6 9. d5 Nb4 10. Bg5 Be7 11. Bxe7 Qxe7 12. d6 Qd8 13. Rc1 O-O 14. Be2
cxd6 15. exd6 a5 16. O-O Rc8 17. a3 Na6 18. Nb5 a4 19. Nfd4 Bg6 20. b4 axb3
21. Nxb3 Nd7 22. Bd3 f5 23. N3d4 Bf7 24. Qe2 Nac5 25. Bb1 g6 26. Nf3 Qf6
27. Rfe1 Kg7 28. Kh1 Rfd8 29. Qe3 Rc6 30. h3 Ra6 31. Qf4 h6 32. h4 Rb6 33.
Kg1 Rc8 34. Rcd1 Re8 35. Nc7 Rd8 36. Nb5 Ra8 37. Bc2 Ra5 38. Qd2 Raa6 39.
Qf4 Ra8 40. Kh1 Re8 41. Nc7 Rh8 42. Kg1 Rb2 43. Qc1 Qc3 44. Nd4 Ra2 45. Bb1
Qxc1 46. Rxc1 Rxa3 47. Ncxe6+ Nxe6 48. Nxe6+ Kf6 49. Nc7 Nc5 50. Rcd1 Rd8
51. Nd5+ Kg7 52. Nc7 h5 53. Re7 Ra4 54. Rd5 Ra1 55. Rxc5 Rxb1+ 56. Kh2 Kf6
1/2-1/2

[Event "XX Carlos Torre Magistral"]
[Site "Merida MEX"]
[Date "2007.12.16"]
[Round "2"]
[White "Ocampo,R MEX"]
[Black "Quezada Perez,Y"]
[Result "0-1"]
[WhiteElo "2294"]
[BlackElo "2546"]
[EventDate "2007.12.15"]

1. d4 Nf6 2. Nf3 e6 3. e3 b6 4. Nbd2 Bb7 5. Bd3 c5 6. c3 Nc6 7. O-O d5 8.
Qe2 Be7 9. dxc5 bxc5 10. e4 O-O 11. Re1 Re8 12. e5 Nd7 13. Nf1 f6 14. exf6
Bxf6 15. Qc2 Nf8 16. Ne3 Kh8 17. Ng4 e5 18. Nxf6 Qxf6 19. Ng5 e4 20. Bf1 h6
21. Nh3 Ng6 22. Qb3 Bc8 23. g3 Nce5 24. Rd1 c4 25. Qc2 Nd3 26. Be3 Bg4 27.
Rd2 Qf5 28. Nf4 Ngxf4 29. Bxf4 Nxf4 30. gxf4 Bf3 31. h3 Re6 0-1

[Event "XX Carlos Torre Magistral"]
[Site "Merida MEX"]
[Date "2007.12.16"]
[Round "2"]
[White "Gonzalez Garcia,J2"]
[Black "Sanchez Enriquez,O"]
[Result "1-0"]
[WhiteElo "2541"]
[BlackElo "2253"]
[EventDate "2007.12.15"]

1. d4 Nf6 2. c4 g6 3. Nc3 Bg7 4. e4 d6 5. Bg5 c5 6. d5 h6 7. Be3 e6 8. h3
exd5 9. exd5 O-O 10. Bd3 Re8 11. Nf3 Na6 12. O-O Nc7 13. a4 Na6 14. Qd2 Nb4
15. Bb1 Kh7 16. Bf4 Bf5 17. Bxf5 gxf5 18. Ra3 Ne4 19. Qd1 Qf6 20. g3 Kh8
21. Nh4 Kg8 22. Rb3 Ng5 23. Kg2 a6 24. a5 Re7 25. Qb1 Re4 26. Nxe4 fxe4 27.
Re1 Nd3 28. Rxe4 Nxe4 29. Qxd3 Re8 30. Rxb7 Qd4 31. Qc2 1-0

[Event "XX Carlos Torre Magistral"]
[Site "Merida MEX"]
[Date "2007.12.16"]
[Round "2"]
[White "Navarro Segura,R"]
[Black "Hernandez Guerrero,G"]
[Result "0-1"]
[WhiteElo "2237"]
[BlackElo "2536"]
[EventDate "2007.12.15"]

1. e4 c5 2. Nf3 d6 3. d4 cxd4 4. Nxd4 Nf6 5. Nc3 Nc6 6. Be2 e5 7. Nb3 Be7
8. Bg5 O-O 9. Qd2 a5 10. Rd1 a4 11. Nc1 Be6 12. Bxf6 Bxf6 13. Qxd6 Qb6 14.
Qd2 Qxb2 15. Nd3 Qa3 16. O-O Nd4 17. Nd5 Bxd5 18. exd5 Qxa2 19. Nb4 Nxe2+
20. Qxe2 Qb2 21. Qb5 e4 22. Rb1 Qe5 23. Qxb7 a3 24. c4 e3 25. Nc6 exf2+ 26.
Rxf2 Qe3 27. Rb3 Qc1+ 28. Rf1 Qxc4 29. Rxf6 gxf6 30. Rg3+ Kh8 31. Qe7 Qc1+
32. Kf2 Qb2+ 33. Kf3 a2 0-1

[Event "XX Carlos Torre Magistral"]
[Site "Merida MEX"]
[Date "2007.12.16"]
[Round "2"]
[White "Almeida Quintana,O"]
[Black "Martin del Campo,J"]
[Result "1-0"]
[WhiteElo "2502"]
[BlackElo "2233"]
[EventDate "2007.12.15"]

1. d4 Nf6 2. Nf3 g6 3. c4 Bg7 4. Nc3 O-O 5. e4 d6 6. h3 Na6 7. Bg5 c6 8.
Be2 e5 9. d5 h6 10. Be3 cxd5 11. cxd5 Nc5 12. Nd2 Bd7 13. b4 Na6 14. a3 Ne8
15. Nc4 f5 16. Na5 f4 17. Bd2 Bc8 18. Bg4 Nf6 19. Bxc8 Qxc8 20. Rc1 Qd7 21.
Qe2 Rac8 22. O-O Nb8 23. f3 b6 24. Nc4 g5 25. a4 h5 26. Nb5 Ne8 27. Rc3 Rf7
28. Rfc1 Qd8 29. Be1 a6 30. Nbxd6 Nxd6 31. Nxd6 Qxd6 32. Rxc8+ 1-0

[Event "XX Carlos Torre Magistral"]
[Site "Merida MEX"]
[Date "2007.12.16"]
[Round "2"]
[White "Alvarez Ramirez,M"]
[Black "Vera Gonzalez Quevedo,R"]
[Result "0-1"]
[WhiteElo "2204"]
[BlackElo "2495"]
[EventDate "2007.12.15"]

1. d4 Nf6 2. c4 e6 3. Nf3 d5 4. Nc3 dxc4 5. e4 Bb4 6. Bg5 c5 7. Bxc4 cxd4
8. Nxd4 Qa5 9. Bb5+ Bd7 10. Bxf6 gxf6 11. O-O Bxc3 12. Bxd7+ Nxd7 13. bxc3
Rd8 14. Rb1 Qxc3 15. Nb5 Qc6 16. Nd6+ Kf8 17. Nxb7 Rb8 18. Na5 Qxe4 19.
Qd6+ Kg7 20. Rxb8 Nxb8 21. Qg3+ Qg6 22. Qc7 Qg5 23. Qxa7 Qd5 24. Nb3 Nc6
25. Qe3 Ra8 26. Qg3+ Kf8 27. Qc3 Ne5 28. Qc2 Qd3 29. Qc5+ Kg7 30. f4 Ng4
31. h3 Ne3 32. Rf2 Qd1+ 33. Kh2 Nf1+ 34. Kg1 Nd2+ 35. Kh2 Nf1+ 36. Kg1 Nd2+
37. Kh2 Ne4 38. Qc2 Nxf2 39. Qxf2 Qd5 40. Qg3+ Kf8 41. Qf2 Ra4 42. Qc2 Rxf4
43. Qxh7 Qe5 44. Kg1 Re4 45. Qh6+ Kg8 46. Qd2 Re2 47. Qd3 Rxa2 48. Nd4 Qe1+
49. Kh2 Rd2 0-1

[Event "XX Carlos Torre Magistral"]
[Site "Merida MEX"]
[Date "2007.12.16"]
[Round "2"]
[White "Zapata,Alo"]
[Black "Tapie Amione,P"]
[Result "1-0"]
[WhiteElo "2495"]
[BlackElo "2189"]
[EventDate "2007.12.15"]

1. e4 c5 2. Nf3 d6 3. d4 cxd4 4. Nxd4 Nf6 5. Nc3 a6 6. a4 Nc6 7. Be2 g6 8.
O-O Bg7 9. Nb3 O-O 10. Be3 Be6 11. f4 Qd7 12. a5 Bg4 13. Nd5 Bxe2 14. Qxe2
Rae8 15. Bb6 e5 16. Nxf6+ Bxf6 17. f5 gxf5 18. Rxf5 Bg7 19. Rd1 Ne7 20. Rf3
Qc6 21. Rc3 Qd7 22. Nc5 Qc8 23. Rxd6 Nc6 24. Qh5 Re6 25. Rh3 h6 26. Nxe6
fxe6 27. Rg3 Nd4 28. c3 Qc4 29. Rxg7+ Kxg7 30. Rd7+ 1-0

[Event "XX Carlos Torre Magistral"]
[Site "Merida MEX"]
[Date "2007.12.16"]
[Round "2"]
[White "Gonzalez Arroyo,L"]
[Black "Cordova,Em"]
[Result "0-1"]
[WhiteElo "2193"]
[BlackElo "2493"]
[EventDate "2007.12.15"]

1. e4 c5 2. Nf3 a6 3. c3 e6 4. d4 d5 5. exd5 exd5 6. Be3 cxd4 7. Nxd4 Bd6
8. Bd3 Ne7 9. Nd2 Nd7 10. N2f3 Nc5 11. O-O Nxd3 12. Qxd3 h6 13. Rfe1 O-O
14. Rad1 Bd7 15. Qd2 Ng6 16. Ne2 Ne7 17. Ned4 Ng6 18. Ne2 Ba4 19. b3 Bc6
20. c4 a5 21. c5 Bc7 22. Nc3 Qd7 23. Qd4 Rad8 24. a3 f6 25. b4 Ne5 26. Nd2
Ba4 27. Nxa4 Qxa4 28. Nb1 Nc6 29. Qg4 f5 30. Qf3 axb4 31. axb4 Qxb4 32. Qe2
f4 33. Bc1 f3 34. Qe6+ Kh8 35. g3 Rf6 36. Qh3 Kg8 37. Ba3 Qb3 38. Rc1 d4
39. Qg4 d3 40. Qc4+ Qxc4 41. Rxc4 d2 42. Rd1 Re6 43. Kf1 Ba5 44. Nc3 Rde8
0-1

[Event "XX Carlos Torre Magistral"]
[Site "Merida MEX"]
[Date "2007.12.16"]
[Round "2"]
[White "Bachmann,Ax"]
[Black "Morales Mendoza,Lu"]
[Result "1-0"]
[WhiteElo "2481"]
[BlackElo "2184"]
[EventDate "2007.12.15"]

1. e4 e6 2. d4 d5 3. Nd2 dxe4 4. Nxe4 Nd7 5. Nf3 Ngf6 6. Bd3 Nxe4 7. Bxe4
Nf6 8. Bd3 c5 9. dxc5 Bxc5 10. O-O O-O 11. Qe2 Qc7 12. b3 b6 13. Bb2 Bb7
14. Ne5 Rad8 15. Ng4 Bd4 16. Nxf6+ Bxf6 17. Bxf6 gxf6 18. Qh5 f5 19. Qg5+
Kh8 20. Qf6+ Kg8 21. Rae1 Qc6 22. Be4 Qxe4 23. Rxe4 Bxe4 24. h4 Rfe8 25. h5
Bxc2 26. Rc1 1-0

[Event "XX Carlos Torre Magistral"]
[Site "Merida MEX"]
[Date "2007.12.16"]
[Round "2"]
[White "Navarrete Mendez,G"]
[Black "De la Paz Perdomo,F"]
[Result "0-1"]
[WhiteElo "2149"]
[BlackElo "2441"]
[EventDate "2007.12.15"]

1. e4 e5 2. Nf3 Nc6 3. Bb5 a6 4. Ba4 Nf6 5. Bxc6 dxc6 6. d3 Bd6 7. Nbd2 O-O
8. h3 c5 9. Nc4 Nd7 10. g4 Re8 11. Ne3 Nb8 12. Nf5 Nc6 13. Bg5 Qd7 14. Qd2
Bf8 15. c3 b5 16. Rg1 a5 17. h4 a4 18. h5 a3 19. Bf6 Re6 20. g5 axb2 21.
Qxb2 Qxd3 22. Nh6+ Kh8 23. Nxf7+ Kg8 24. Nh6+ gxh6 25. gxh6+ Kf7 26. Ng5+
Ke8 27. Rg3 Qc4 28. Bg7 Be7 29. Qd2 Rd6 30. Qe3 Rxa2 31. Rxa2 Qxa2 32. Qc1
Qc4 33. Nxh7 Qxe4+ 34. Qe3 Qb1+ 0-1

[Event "XX Carlos Torre Magistral"]
[Site "Merida MEX"]
[Date "2007.12.16"]
[Round "2"]
[White "Martin del Campo,R"]
[Black "Duarte Barahona,R"]
[Result "1-0"]
[WhiteElo "2435"]
[BlackElo "2177"]
[EventDate "2007.12.15"]

1. e4 c5 2. Nf3 d6 3. d4 cxd4 4. Nxd4 Nf6 5. Nc3 a6 6. Bg5 e6 7. f4 Be7 8.
Qf3 Qa5 9. O-O-O Bd7 10. g4 Nc6 11. Nb3 Qc7 12. Bh4 h6 13. Bg3 Rc8 14. Kb1
b5 15. e5 dxe5 16. fxe5 Nxe5 17. Qe2 Bc6 18. Bxe5 Qb7 19. Na5 1-0

[Event "XX Carlos Torre Magistral"]
[Site "Merida MEX"]
[Date "2007.12.16"]
[Round "3"]
[White "Perez Rodriguez,L"]
[Black "Meier,Geo"]
[Result "0-1"]
[WhiteElo "2432"]
[BlackElo "2558"]
[EventDate "2007.12.15"]

1. e4 e6 2. d4 d5 3. Nc3 dxe4 4. Nxe4 Nd7 5. Nf3 Ngf6 6. Bg5 Be7 7. Nxf6+
Bxf6 8. h4 O-O 9. Qd2 e5 10. O-O-O e4 11. Nh2 h6 12. Bxf6 Nxf6 13. Be2 Qd6
14. g4 Nd5 15. g5 Nf4 16. gxh6 Qxh6 17. Kb1 f5 18. Rdg1 Be6 19. Nf1 Rad8
20. Ng3 Kh7 21. Qe3 b6 22. h5 Nd5 23. Qxh6+ gxh6 24. c4 Nf6 25. d5 Bd7 26.
Rh4 Rg8 27. Rd1 Rg5 28. Kc2 e3 29. Nh1 Re8 30. Rf1 exf2 31. Rxf2 Kg7 32.
Bf3 Ng4 33. Bxg4 fxg4 34. Kd2 b5 35. b3 bxc4 36. bxc4 c6 37. dxc6 Bxc6 38.
Ng3 Bf3 39. Kc3 Re1 40. Rd2 Rc1+ 41. Rc2 Rxc2+ 42. Kxc2 Kf6 43. Kd3 Ra5 44.
Rh2 Ke5 45. Rb2 Ra3+ 46. Kd2 Bc6 47. Ne2 g3 48. Ng1 Kf4 0-1

[Event "XX Carlos Torre Magistral"]
[Site "Merida MEX"]
[Date "2007.12.16"]
[Round "3"]
[White "Almeida Saenz,A"]
[Black "Gonzalez Garcia,J2"]
[Result "1/2-1/2"]
[WhiteElo "2426"]
[BlackElo "2541"]
[EventDate "2007.12.15"]

1. d4 e6 2. Nf3 c5 3. e3 Nf6 4. c4 a6 5. Bd3 d5 6. b3 Nc6 7. Bb2 cxd4 8.
exd4 Qa5+ 9. Nbd2 Ba3 10. Bxa3 Qxa3 11. O-O O-O 12. c5 b6 13. Qc1 Qxc1 14.
Raxc1 bxc5 15. Rxc5 Bb7 16. Rfc1 Rfc8 17. a3 g6 18. b4 Nd7 19. R5c2 e5 20.
b5 Nxd4 21. Nxd4 exd4 22. Rxc8+ Bxc8 23. Nf3 axb5 24. Bxb5 Nb6 25. Rc6 Nc4
26. Bxc4 dxc4 27. Nxd4 Bd7 28. Rxc4 Rxa3 29. h3 Ra1+ 30. Kh2 Rd1 31. Kg3
1/2-1/2

[Event "XX Carlos Torre Magistral"]
[Site "Merida MEX"]
[Date "2007.12.16"]
[Round "3"]
[White "Gongora Montes,B"]
[Black "Almeida Quintana,O"]
[Result "0-1"]
[WhiteElo "2270"]
[BlackElo "2502"]
[EventDate "2007.12.15"]

1. e4 c5 2. Nf3 Nc6 3. d4 cxd4 4. Nxd4 Nf6 5. Nc3 d6 6. Be2 e5 7. Nf3 h6 8.
O-O Be7 9. Be3 O-O 10. Nd2 Be6 11. Bc4 a6 12. a4 Rc8 13. Rc1 Nb4 14. Qe2
Rc6 15. Rfd1 Qc7 16. Bb3 Rd8 17. f4 d5 18. fxe5 Qxe5 19. Nf3 Qh5 20. e5 Ne4
21. Bd4 Nc5 22. h3 Qg6 23. Kh2 Nxb3 24. cxb3 Bf5 25. Be3 Re6 26. Rd2 Kh7
27. g4 Be4 28. Bd4 Bxf3 29. Qxf3 Bg5 30. Be3 d4 31. Bxg5 Qxg5 32. Ne4 Qxe5+
33. Ng3 Rd7 34. Rc4 a5 35. Kg2 d3 36. Ne4 Nd5 37. Kg1 Nf4 38. b4 Rd4 39.
Rxd4 Qxd4+ 40. Nf2 Re1+ 41. Kh2 Re2 0-1

[Event "XX Carlos Torre Magistral"]
[Site "Merida MEX"]
[Date "2007.12.16"]
[Round "3"]
[White "Vera Gonzalez Quevedo,R"]
[Black "Martin del Campo,R"]
[Result "1/2-1/2"]
[WhiteElo "2495"]
[BlackElo "2435"]
[EventDate "2007.12.15"]

1. d4 Nf6 2. Nf3 g6 3. c4 Bg7 4. Nc3 O-O 5. e4 d6 6. Be2 Bg4 7. Be3 Nfd7 8.
d5 c5 9. O-O Na6 10. Ng5 Bxe2 11. Qxe2 h6 12. Nh3 Nc7 13. f4 e6 14. dxe6
Nxe6 15. f5 Nd4 16. Qd2 g5 17. Rac1 Re8 18. Kh1 a6 19. Nf2 b5 20. cxb5 axb5
21. Bxd4 cxd4 22. Nxb5 Nc5 23. f6 Bf8 24. b4 Nxe4 25. Qxd4 Nxf2+ 26. Qxf2
Re4 27. Qd2 d5 28. a3 Qb8 29. Qd3 Qe5 30. Rcd1 Rb8 31. Nd4 Re3 32. Nc6 Rxd3
33. Nxe5 Rxa3 34. Rxd5 1/2-1/2